Postacie historyczne #6 - Statystyki

Ogólne statystyki
  • Ten quiz został rozwiązany 57 razy
  • Średni wynik to 5 z 20
Statystyki odpowiedzi
Hint Odpowiedź % Poprawnych
Pierwszy człowiek w przestrzeni kosmicznej Jurij Gagarin
74%
Filozof, nauczyciel Aleksandra Wielkiego Arystoteles
57%
Filozof, autor słów "Myślę, wiec jestem" Kartezjusz
53%
Niemiecki feldmarszałek, dowodził Afrika Korps Erwin Rommel
40%
Po egzekucji króla ogłosił republikę, a siebie Lordem Protektorem Anglii, Szkocji i Irlandii Oliver Cromwell
36%
Ateński mąż stanu, strateg, reformator ateńskiej demokracji Perykles
34%
Prezydent USA, rozpoczął wojnę z terroryzmem George W. Bush
32%
Sułtan, który odebrał Królestwu Jerozolimskiemu Jerozolimę Saladyn
32%
Angielski monarcha, zmuszony do podpisania "Wielkiej Karty Swobód", na skutek wojny domowej Jan bez Ziemi
28%
Najdłużej urzędujący brytyjski premier w XX wieku Margaret Thatcher
23%
Odkrywca penicyliny Alexander Fleming
21%
Król Francji, oskarżył Zakon Templariuszy o herezję i skonfiskował ich majątek Filip IV Piękny
19%
Wódz Apaczów, ostatni który, poddał się siłom amerykańskim Geronimo
19%
Włoski filozof, napisał traktat o sprawowaniu władzy Niccolò Machiavelli
19%
Rzymski wódz, który pokonał Hannibala Scypion Afrykański
17%
Przywódca komunistycznej Jugosławii Josip Tito
15%
Uważany za twórcę floty portugalskiej, protektora żeglarzy oraz odkrywców Henryk Żeglarz
13%
Pruski król, znany z modernizacji państwa Fryderyk II Wielki
11%
Czeski magnat, naczelny dowódca wojsk cesarskich podczas wojny trzydziestoletniej Albrecht von Wallenstein
2%
Jeden z wodzów Aleksandra Wielkiego, namiestnik Egiptu, załozyciel dynastii tam panującej Ptolemeusz I Soter
2%
Nie znaleziono quizów pasujących do podanych kryteriów
Rozkład punktacji
Procent ludzi z każdym wynikiem
Percentyl według liczby udzielonych odpowiedzi
Twoja historia wyników
Nie rozwiązałeś tego quizu